|
|
|
|
| LEADER |
01014nam a2200241 a 4500 |
| 001 |
GR-MES3782 |
| 008 |
991111s1977 gr 000 0 gre d |
| 040 |
|
|
|a GrPaTEI
|b gre
|c GR-PaULI
|
| 245 |
0 |
0 |
|a Διεθνής ναυτιλιακή πολιτική και η νέα σύμβαση για το δίκαιο της θάλασ σας.
|
| 260 |
|
|
|a Αθήνα :
|b Σάκκουλας,
|c 1977
|
| 300 |
|
|
|a 527σελ. :
|b πιν.
|
| 500 |
|
|
|a βιβλιογραφία:σελ(511-520)
|
| 650 |
|
4 |
|a Διεθνές Δίκαιο
|
| 650 |
|
4 |
|a Δίκαιο
|
| 650 |
|
4 |
|a ΘΑΛΑΣΣΑ
|
| 650 |
|
4 |
|a ΝΑΥΤΙΛΙΑ
|
| 650 |
|
4 |
|a ΝΑΥΤΙΛΙΑΚΟ ΔΙΚΑΙΟ
|
| 700 |
1 |
|
|a Βλάχος, Γ.
|
| 700 |
1 |
|
|a Σαμιώτης, Γ.
|
| 942 |
|
|
|2 ddc
|
| 952 |
|
|
|0 0
|1 0
|2 ddc
|4 0
|6 341_756000000000000_6_ΒΛΑ
|7 0
|9 268409
|a MSLG
|b MSLG
|c BSC
|d 2021-01-17
|e 24
|f 0
|g 0.00
|l 0
|o 341.756 6 ΒΛΑ
|p 2420000009896
|r 2021-01-17 00:00:00
|t 1
|w 2021-01-17
|y BK15
|x 19991111 0 1
|x GrPaTEI
|
| 971 |
|
|
|a .b25748270
|b 15-04-20
|c 13-09-16
|
| 999 |
|
|
|c 154650
|d 154650
|